000 00335 a2200169 4500
001 186072
020 _a85-16-03720-7
040 _cMagnum
100 _aPasqualin, Ernesto
240 1 0 _aThe web
_lING
245 1 0 _aThe web
300 _a40
362 0 _a2004
440 1 _aModerna
697 _aLITERATURA INGLESA
942 _cBK
999 _c186072
_d186072